|
|
|
|
| LEADER |
01477nam a2200325 a 4500 |
| 001 |
17135 |
| 003 |
BD-DhAAL |
| 008 |
090611s1996 nyu 001 0 eng d |
| 010 |
|
|
|a 96004177
|
| 020 |
|
|
|a 978007133594
|
| 020 |
|
|
|a 007013359X
|
| 040 |
|
|
|a DLC
|c DLC
|d DLC
|d BD-DhAAL
|
| 082 |
0 |
0 |
|a 658.3/124
|2 20
|
| 245 |
0 |
4 |
|a The ASTD training and development handbook :
|b a guide to huma resource development /
|c Robert L. Craig, editor in chief ; sponsored by the American Society for Training and Development.
|
| 250 |
|
|
|a Forth edition.
|
| 260 |
|
|
|a New York :
|b McGraw-Hill,
|c 1996.
|
| 263 |
|
|
|a 1111
|
| 300 |
|
|
|a xvi, 1071 pages :
|b illustrations ;
|c 24 cm
|
| 500 |
|
|
|a Previous ed. published under title: Training and development handbook.3rd ed. 1987.
|
| 504 |
|
|
|a Includes index.
|
| 526 |
|
|
|a BBS
|x Edward Probir Mondol,
Lecturer, BRAC Business School
|
| 541 |
1 |
|
|e 00017135
|a Essence Science Publications
|
| 650 |
|
0 |
|a Employees
|x Training of.
|
| 700 |
1 |
|
|a Craig, Robert L.
|9 57428
|
| 710 |
2 |
|
|a American Society for Training and Development.
|9 57429
|
| 730 |
0 |
|
|a Training and development handbook.
|9 57430
|
| 852 |
4 |
|
|a Ayesha Abed Library
|c General Stacks
|
| 942 |
|
|
|2 ddc
|c BK
|
| 999 |
|
|
|c 1304
|d 1304
|
| 952 |
|
|
|0 0
|1 0
|2 ddc
|4 0
|6 658_312400000000000_AST_1996
|7 0
|9 1187
|a BRACUL
|b BRACUL
|c GEN
|d 2009-06-25
|e Essence Science Publications
|g 6250.00
|l 0
|o 658.3124 AST
|p 3010017135
|r 2009-06-25
|t 1
|w 2009-06-25
|y BK
|x Requisitioned by Edward Probir Mondol, Lecturer, BRAC Business School.
|